[Event "Saint Affrique op 22nd"]
[Site "Saint Affrique"]
[Date "2014.07.24"]
[Round "7"]
[White "Clement, Olivier"]
[Black "Prieu, Arnaud"]
[Result "0-1"]
[WhiteElo "2051"]
[BlackElo "1572"]
[PlyCount "78"]
[EventDate "2014.07.19"]
[EventType "swiss"]
[EventRounds "9"]
[EventCountry "FRA"]
[SourceTitle "CBM 161 Extra"]
[Source "ChessBase"]
[SourceDate "2014.08.29"]
[SourceVersion "1"]
[SourceVersionDate "2014.08.29"]
[SourceQuality "1"]

1. e4 e5 2. Nf3 Nc6 3. Bb5 a6 4. Ba4 Bc5 5. 0-0 d6 6. h3 b5 7. Bb3 Na5 8. c3 Nxb3 9. axb3 Ne7 10. d4 exd4 11. b4 Bb6 12. Nxd4 Bb7 13. Qg4 Bxd4 14. cxd4 Ng6 15. Bg5 Qd7 16. Qh5 Qe6 17. Nc3 Qb3 18. e5 Qxb2 19. exd6 cxd6 20. Rfe1+ Kf8 21. Nxb5 h6 22. Qg4 Qxb4 23. Reb1 Qc4 24. Nxd6 Qd5 25. Bc1 Bc6 26. Rb6 Ne7 27. Ba3 Kg8 28. Re1 h5 29. Qg3 Rh6 30. Rxe7 Rg6 31. Re5 Qxd4 32. Qe3 Rxg2+ 33. Kf1 Qd1+ 34. Qe1 Qd3+ 35. Qe2 Qxh3 36. Ke1 Qc3+ 37. Kf1 Rh2 38. Rxc6 Rh1+ 39. Kg2 Qh3# 0-1

[Event "Saint Affrique op 22nd"]
[Site "Saint Affrique"]
[Date "2014.07.23"]
[Round "6"]
[White "Grosse, Ludovic"]
[Black "Clement, Olivier"]
[Result "1-0"]
[WhiteElo "1903"]
[BlackElo "2051"]
[PlyCount "67"]
[EventDate "2014.07.19"]
[EventType "swiss"]
[EventRounds "9"]
[EventCountry "FRA"]
[SourceTitle "CBM 161 Extra"]
[Source "ChessBase"]
[SourceDate "2014.08.29"]
[SourceVersion "1"]
[SourceVersionDate "2014.08.29"]
[SourceQuality "1"]

1. d4 Nf6 2. c4 c5 3. Nf3 e6 4. Nc3 cxd4 5. Nxd4 Bb4 6. Bd2 0-0 7. e3 Nc6 8. Be2 a6 9. 0-0 Bc5 10. Nc2 Qc7 11. a3 Rd8 12. b4 Be7 13. e4 d5 14. exd5 exd5 15. cxd5 Nxd5 16. Nxd5 Rxd5 17. Bc4 Rd8 18. Qe2 b5 19. Bb3 Bf5 20. Qf3 Bg6 21. Bf4 Qb6 22. Be3 Qc7 23. Rac1 Ne5 24. Qg3 Bd6 25. Nd4 Qd7 26. Bf4 Nd3 27. Nc6 Qc7 28. Bxd6 Rxd6 29. Rc3 Re8 30. h4 Qd7 31. Na5 Ne5 32. Rfc1 Rd8 33. Qxe5 Re8 34. Qf4 1-0

[Event "Saint Affrique op 22nd"]
[Site "Saint Affrique"]
[Date "2014.07.21"]
[Round "3"]
[White "Clement, Olivier"]
[Black "Zachary, Matheo"]
[Result "0-1"]
[WhiteElo "2051"]
[BlackElo "1701"]
[PlyCount "96"]
[EventDate "2014.07.19"]
[EventType "swiss"]
[EventRounds "9"]
[EventCountry "FRA"]
[SourceTitle "CBM 161 Extra"]
[Source "ChessBase"]
[SourceDate "2014.08.29"]
[SourceVersion "1"]
[SourceVersionDate "2014.08.29"]
[SourceQuality "1"]

1. e4 c5 2. Nf3 Nc6 3. d4 cxd4 4. Nxd4 e5 5. Nb5 d6 6. N1c3 a6 7. Na3 b5 8. Nd5 Nge7 9. c4 Nd4 10. Be3 Nxd5 11. cxd5 g6 12. Bxd4 exd4 13. Qxd4 Qa5+ 14. Qc3 Qxc3+ 15. bxc3 Bg7 16. Rc1 0-0 17. Bd3 f5 18. f3 fxe4 19. fxe4 Bd7 20. Nb1 a5 21. Rf1 Be5 22. g3 Rxf1+ 23. Bxf1 Rc8 24. Bd3 b4 25. c4 Bd4 26. Nd2 Rf8 27. Be2 Bc3 28. g4 Rf4 29. Kd1 Bxg4 30. Nb3 Rf1+ 31. Kc2 Bxe2 32. Rxf1 Bxf1 33. Nxa5 Be2 34. a3 Be1 35. Nb7 bxa3 36. Nxd6 Bd3+ 37. Kb3 Bb4 38. e5 Kf8 39. Nb7 a2 40. Kxb4 a1Q 41. Nc5 Qb2+ 42. Nb3 Bc2 43. d6 Qxb3+ 44. Kc5 Bd3 45. d7 Ke7 46. d8Q+ Kxd8 47. Kd6 Qxc4 48. e6 Qc7+ 0-1

[Event "Saint Affrique op 20th"]
[Site "Saint Affrique"]
[Date "2012.07.25"]
[Round "6"]
[White "Clement, Olivier"]
[Black "Buscara, Sevan"]
[Result "1-0"]
[WhiteElo "2071"]
[BlackElo "2334"]
[PlyCount "111"]
[EventDate "2012.07.21"]
[EventType "swiss"]
[EventRounds "9"]
[EventCountry "FRA"]
[SourceTitle "CBM 149 Extra"]
[Source "ChessBase"]
[SourceDate "2012.08.24"]
[SourceVersion "1"]
[SourceVersionDate "2012.08.24"]
[SourceQuality "1"]

1. d4 Nf6 2. c4 e6 3. Nc3 Bb4 4. Qc2 0-0 5. a3 Bxc3+ 6. Qxc3 d6 7. Nf3 b6 8. g3 Bb7 9. Bg2 Nbd7 10. 0-0 Qe7 11. b4 a6 12. Bb2 Rac8 13. Rfd1 c5 14. dxc5 bxc5 15. Rac1 cxb4 16. axb4 a5 17. b5 Nc5 18. Ba3 Nfe4 19. Qe3 f5 20. Nd2 Nxd2 21. Qxd2 Bxg2 22. Kxg2 Ne4 23. Qd4 Rfd8 24. f3 Nc5 25. Qc3 Qa7 26. Qe3 Kf7 27. Rd2 Qe7 28. Rcd1 Nb7 29. Qf4 g5 30. Qd4 Kg6 31. e4 Qf7 32. Qc3 fxe4 33. fxe4 e5 34. Bxd6 Rxc4 35. Qxe5 Re8 36. Qf5+ Qxf5 37. exf5+ Kxf5 38. Rd5+ Kg6 39. Be5 Rc2+ 40. Kf3 Rxh2 41. Rc1 Rf8+ 42. Ke3 Rhf2 43. g4 R8f3+ 44. Ke4 h5 45. Rc6+ Kh7 46. gxh5 g4 47. Rc7+ Rf7 48. Rc8 Re2+ 49. Kd3 Rxe5 50. Rxe5 a4 51. b6 a3 52. Rc7 Rg7 53. Rxg7+ Kxg7 54. Re7+ Kh6 55. Rxb7 g3 56. Ke3 1-0

[Event "FRA-chT2 South 0809"]
[Site "France"]
[Date "2009.04.04"]
[Round "10.3"]
[White "Randisi, Alexandre"]
[Black "Clement, Olivier"]
[Result "0-1"]
[WhiteElo "2126"]
[BlackElo "2083"]
[PlyCount "62"]
[EventDate "2008.10.12"]
[EventType "team-tourn"]
[EventRounds "11"]
[EventCountry "FRA"]
[SourceTitle "EXT 2010"]
[Source "ChessBase"]
[SourceDate "2010.11.25"]
[SourceVersion "1"]
[SourceVersionDate "2010.11.25"]
[SourceQuality "1"]
[WhiteTeam "Clermont Ferrand"]
[BlackTeam "Avignon"]
[WhiteTeamCountry "FRA"]
[BlackTeamCountry "FRA"]

1. c4 Nf6 2. Nc3 c5 3. g3 d5 4. cxd5 Nxd5 5. Bg2 Nc7 6. Nf3 Nc6 7. d3 e5 8. Be3 Be7 9. a4 0-0 10. a5 Rb8 11. Na4 b6 12. axb6 axb6 13. b4 Nxb4 14. Nxe5 Bf6 15. f4 Ncd5 16. Bd2 Re8 17. 0-0 Bxe5 18. fxe5 Nc6 19. Rb1 Be6 20. Rb2 Ndb4 21. Bc3 Bd5 22. e4 Be6 23. d4 Bc4 24. d5 Bxf1 25. Qxf1 Nxe5 26. Bxb4 cxb4 27. Rxb4 Qc7 28. Qb1 b5 29. Rxb5 Qa7+ 30. Kh1 Rxb5 31. Qxb5 Rb8 0-1

[Event "FRA-chT2 South 0809"]
[Site "France"]
[Date "2009.03.15"]
[Round "9.5"]
[White "Clement, Olivier"]
[Black "Huchet, Francois"]
[Result "1/2-1/2"]
[WhiteElo "2083"]
[BlackElo "2020"]
[PlyCount "51"]
[EventDate "2008.10.12"]
[EventType "team-tourn"]
[EventRounds "11"]
[EventCountry "FRA"]
[SourceTitle "EXT 2010"]
[Source "ChessBase"]
[SourceDate "2010.11.25"]
[SourceVersion "1"]
[SourceVersionDate "2010.11.25"]
[SourceQuality "1"]
[WhiteTeam "Avignon"]
[BlackTeam "Ramonville"]
[WhiteTeamCountry "FRA"]
[BlackTeamCountry "FRA"]

1. d4 Nf6 2. c4 g6 3. Nc3 Bg7 4. e4 d6 5. Nf3 0-0 6. Be2 e5 7. 0-0 Nc6 8. d5 Ne7 9. b4 Nh5 10. Re1 f5 11. Ng5 Nf6 12. Bf3 h6 13. Ne6 Bxe6 14. dxe6 c6 15. Bb2 fxe4 16. Nxe4 Nxe4 17. Rxe4 Nf5 18. Qe2 Re8 19. c5 Rxe6 20. cxd6 Qxd6 21. Rd1 Qe7 22. Bg4 Re8 23. Re1 Kh7 24. f4 Nd6 25. Re3 Nf5 26. Re4 1/2-1/2

[Event "FRA-chT2 South 0809"]
[Site "France"]
[Date "2009.03.14"]
[Round "8.5"]
[White "Fantinel, Thibault"]
[Black "Clement, Olivier"]
[Result "1-0"]
[WhiteElo "2000"]
[BlackElo "2083"]
[PlyCount "47"]
[EventDate "2008.10.12"]
[EventType "team-tourn"]
[EventRounds "11"]
[EventCountry "FRA"]
[SourceTitle "EXT 2010"]
[Source "ChessBase"]
[SourceDate "2010.11.25"]
[SourceVersion "1"]
[SourceVersionDate "2010.11.25"]
[SourceQuality "1"]
[WhiteTeam "Agen"]
[BlackTeam "Avignon"]
[WhiteTeamCountry "FRA"]
[BlackTeamCountry "FRA"]

1. e4 c5 2. Nf3 Nc6 3. Bb5 g6 4. 0-0 Bg7 5. c3 e5 6. d4 cxd4 7. cxd4 exd4 8. Bf4 Nge7 9. Bd6 Qb6 10. Na3 a6 11. Ba4 Qd8 12. Nc2 d3 13. Ne3 Bxb2 14. Nd5 Nxd5 15. exd5 Qf6 16. Re1+ Kd8 17. Bg3 Nd4 18. Nxd4 Bxd4 19. Rc1 d6 20. Qxd3 Bf5 21. Qd2 Bc5 22. Rxc5 dxc5 23. Be5 Qh4 24. Qa5+ 1-0

[Event "Chambery op 13th"]
[Site "Chambery"]
[Date "2007.07.29"]
[Round "2"]
[White "Clement, Olivier"]
[Black "Magem Badals, Jordi"]
[Result "0-1"]
[WhiteElo "2135"]
[BlackElo "2471"]
[PlyCount "70"]
[EventDate "2007.07.28"]
[EventType "swiss"]
[EventRounds "9"]
[EventCountry "FRA"]
[SourceTitle "CBM 119 Extra"]
[Source "ChessBase"]
[SourceDate "2007.09.04"]
[SourceVersion "1"]
[SourceVersionDate "2007.09.04"]
[SourceQuality "1"]

1. e4 e5 2. Nf3 Nc6 3. Bb5 a6 4. Ba4 Nf6 5. 0-0 Be7 6. Qe2 b5 7. Bb3 0-0 8. d4 Nxd4 9. Nxd4 exd4 10. e5 Ne8 11. c3 d5 12. cxd4 c6 13. Bc2 g6 14. Bh6 Ng7 15. f4 Qb6 16. Qd2 f6 17. Bxg7 Kxg7 18. Nc3 fxe5 19. fxe5 Be6 20. Ne2 c5 21. Kh1 Bg8 22. dxc5 Bxc5 23. Qg5 Be3 24. Qe7+ Rf7 25. Rxf7+ Bxf7 26. Rf1 Qe6 27. Qb7 Ra7 28. Qb8 Re7 29. Rf6 Qxe5 30. Qxe5 Rxe5 31. Rxa6 d4 32. h3 Bf2 33. Nf4 Bg3 34. Nd3 Re2 35. Rc6 Bc4 0-1

[Event "Gap op"]
[Site "Gap"]
[Date "2007.04.26"]
[Round "6"]
[White "Hulin, Jerome"]
[Black "Clement, Olivier"]
[Result "1/2-1/2"]
[WhiteElo "2085"]
[BlackElo "2112"]
[PlyCount "63"]
[EventDate "2007.04.22"]
[EventType "swiss"]
[EventRounds "9"]
[EventCountry "FRA"]
[SourceTitle "EXT 2008"]
[Source "ChessBase"]
[SourceDate "2007.11.25"]
[SourceVersion "1"]
[SourceVersionDate "2007.11.25"]
[SourceQuality "1"]

1. d4 Nf6 2. c4 c5 3. d5 e6 4. Nc3 exd5 5. cxd5 d6 6. Nf3 g6 7. Nd2 Bg7 8. Nc4 0-0 9. Bf4 Na6 10. g3 Nh5 11. Bxd6 Re8 12. a4 Bf5 13. Bg2 Nb4 14. 0-0 Bc2 15. Qc1 Bb3 16. Nb5 Rxe2 17. Ne3 Nd3 18. Qb1 c4 19. Ba3 a6 20. Nc3 Bxc3 21. bxc3 Qf6 22. Nxc4 Bxc4 23. Qxb7 Rae8 24. Qc6 Qxc3 25. d6 Qd4 26. d7 Rd8 27. Qc8 Qf6 28. Qxc4 Rxd7 29. Rad1 Rd4 30. Qc8+ Rd8 31. Qc4 Rd4 32. Qc8+ 1/2-1/2

[Event "Montpellier op-A"]
[Site "Montpellier"]
[Date "1997.??.??"]
[Round "1"]
[White "Clement, Olivier"]
[Black "Relange, Eloi"]
[Result "0-1"]
[WhiteElo "2185"]
[BlackElo "2505"]
[PlyCount "56"]
[EventDate "1997.??.??"]
[EventType "swiss"]
[EventRounds "9"]
[EventCountry "FRA"]
[SourceTitle "EXT 1999"]
[Source "ChessBase"]
[SourceDate "1998.11.16"]
[SourceVersion "1"]
[SourceVersionDate "1998.11.16"]
[SourceQuality "1"]

1. e4 c5 2. Nf3 d6 3. d4 cxd4 4. Nxd4 Nf6 5. Nc3 Nc6 6. Bg5 e6 7. f4 Qb6 8. Nb3 Be7 9. Qd2 0-0 10. 0-0-0 a6 11. Be2 Rd8 12. g4 Qc7 13. Bxf6 Bxf6 14. g5 Be7 15. Rhf1 b5 16. f5 b4 17. Nb1 a5 18. f6 Bf8 19. Rf3 Bb7 20. Rh3 Rac8 21. Qf4 a4 22. Qh4 h6 23. fxg7 Bxg7 24. gxh6 Ne5 25. Na1 Ng6 26. Qg5 Be5 27. Rg1 Kh7 28. Nd2 a3 0-1

[Event "FRA-chTB 9697"]
[Site "France"]
[Date "1997.??.??"]
[Round "5"]
[White "Lohou, Stephane"]
[Black "Clement, Olivier"]
[Result "1/2-1/2"]
[WhiteElo "2210"]
[BlackElo "2230"]
[PlyCount "54"]
[EventDate "1997.??.??"]
[EventType "team"]
[EventRounds "7"]
[EventCountry "FRA"]
[SourceTitle "EXT 1999"]
[Source "ChessBase"]
[SourceDate "1998.11.16"]
[SourceVersion "1"]
[SourceVersionDate "1998.11.16"]
[SourceQuality "1"]

1. e4 c5 2. c3 d5 3. exd5 Qxd5 4. d4 Nf6 5. Nf3 e6 6. Bd3 Nc6 7. 0-0 cxd4 8. cxd4 Be7 9. Nc3 Qd6 10. a3 0-0 11. Be3 b6 12. Qe2 Bb7 13. Rfd1 Rac8 14. Ng5 Rfd8 15. Qf3 h6 16. Nge4 Nxe4 17. Qxe4 f5 18. Qf3 Na5 19. Qh5 Nb3 20. Rab1 Bf6 21. Ne2 Qc6 22. Qg6 Nxd4 23. Nxd4 Bxd4 24. Bxf5 exf5 25. Qxc6 Rxc6 26. Rxd4 Rxd4 27. Bxd4 Rg6 1/2-1/2

[Event "FRA-ch op FIDE"]
[Site "Paris"]
[Date "1994.??.??"]
[Round "2"]
[White "Guyard, Bertrand"]
[Black "Clement, Olivier"]
[Result "0-1"]
[WhiteElo "2185"]
[BlackElo "2050"]
[PlyCount "66"]
[EventDate "1994.??.??"]
[EventType "swiss"]
[EventRounds "9"]
[EventCountry "FRA"]
[SourceTitle "EXT 1998"]
[Source "ChessBase"]
[SourceDate "1997.11.17"]
[SourceVersion "1"]
[SourceVersionDate "1997.11.17"]
[SourceQuality "1"]

1. d4 Nf6 2. c4 c5 3. d5 e6 4. Nc3 exd5 5. cxd5 d6 6. Nf3 g6 7. Bf4 Bg7 8. Qa4+ Bd7 9. Qb3 Qc7 10. e4 0-0 11. Be2 a6 12. a4 Bg4 13. h3 Bxf3 14. Bxf3 Nbd7 15. 0-0 Rab8 16. Qc4 Rfe8 17. Rae1 Ne5 18. Bxe5 Rxe5 19. Be2 Rbe8 20. Bd3 g5 21. Ne2 Nxe4 22. Qc1 Qe7 23. Rd1 Nf6 24. Ng3 Qd7 25. f4 gxf4 26. Rxf4 Nxd5 27. Rh4 Ne3 28. Bxh7+ Kf8 29. Re1 Qe7 30. Re4 Rxe4 31. Bxe4 Bd4 32. Kh1 Qg5 33. Kh2 Rxe4 0-1

[Event "FRA-ch op FIDE"]
[Site "Paris"]
[Date "1994.??.??"]
[Round "3"]
[White "Lempereur, Frederic"]
[Black "Clement, Olivier"]
[Result "0-1"]
[WhiteElo "2300"]
[BlackElo "2050"]
[PlyCount "60"]
[EventDate "1994.??.??"]
[EventType "swiss"]
[EventRounds "9"]
[EventCountry "FRA"]
[SourceTitle "EXT 1998"]
[Source "ChessBase"]
[SourceDate "1997.11.17"]
[SourceVersion "1"]
[SourceVersionDate "1997.11.17"]
[SourceQuality "1"]

1. c4 Nf6 2. Nf3 c5 3. Nc3 d5 4. cxd5 Nxd5 5. d4 Nc6 6. e4 Nxc3 7. bxc3 cxd4 8. cxd4 g6 9. d5 Bg7 10. Rb1 Na5 11. Be2 0-0 12. 0-0 Bd7 13. Bg5 h6 14. Be3 b6 15. Qd2 Kh7 16. e5 Bf5 17. Rb4 Rc8 18. g4 Bd7 19. Ba6 Rb8 20. Rd1 b5 21. Bxa7 Nc4 22. Rxc4 Ra8 23. Qe3 bxc4 24. Bb6 Qb8 25. Bxc4 Bxg4 26. Be2 Bxf3 27. Bxf3 Bxe5 28. a3 Bxh2+ 29. Kg2 Bf4 30. Qc5 Qd6 0-1